Statistics for U.S. Presidents - Odd Man Out

Click here to take the quiz!

General Stats

  • This quiz has been taken 15,179 times
  • The average score is 10 of 15

Answer Stats

QuestionAnswer% Correct
Is not an actual PresidentJames Thompkins
87%
Didn't serve during the 20th centuryRutherford B. Hayes
85%
Is not carved on Mount RushmoreFranklin D. Roosevelt
83%
Wasn't impeachedGeorge W. Bush
79%
Guess the President who... wasn't a member of the Republican PartyLyndon B. Johnson
78%
Didn't have facial hairJames Monroe
75%
Is not an actual President (portrait version)
72%
Didn't die while in officeWilliam Taft
72%
Wasn't a general in the U.S. ArmyWilliam McKinley
71%
Wasn't at least 6 feet tallJames Madison
64%
Wasn't born west of the MississippiJimmy Carter
61%
Was never Vice PresidentHerbert Hoover
59%
Didn't come from a wealthy familyRichard Nixon
53%
Didn't serve two termsJohn Quincy Adams
51%
Didn't attend HarvardHarry S. Truman
38%

Score Distribution

Percentile by Number Answered

Percent of People with Each Score

Your Score History

You have not taken this quiz